|
|
|
|
| LEADER |
01039cam a2200253 i 4500 |
| 001 |
3379206 |
| 003 |
GR-PaULI |
| 005 |
20210122065418.0 |
| 008 |
180731s1980 gw f 000 0 ger d |
| 010 |
|
|
|a 87873186
|
| 020 |
|
|
|a 3878089295 (pbk.)
|
| 040 |
|
|
|a DLC
|c DLC
|d DLC
|d GR-PaULI
|b gre
|e AACR2
|
| 082 |
0 |
4 |
|2 23
|a 801.3
|
| 100 |
1 |
|
|a Leibfried, Erwin.
|9 170519
|e συγγραφέας
|
| 245 |
1 |
0 |
|a Literarische Hermeneutik :
|b eine Einführung in ihre Geschichte und Probleme /
|c Erwin Leibfried.
|
| 260 |
|
|
|a Tübingen :
|b G. Narr,
|c c1980.
|
| 300 |
|
|
|a 200 σ. ;
|c 21 εκ.
|
| 490 |
0 |
|
|a Literaturwissenschaft im Grundstudium ;
|v Bd. 9
|
| 504 |
|
|
|6 Περιλαμβάνει βιβλιογραφία και ευρετήριο.
|
| 650 |
|
4 |
|a Λογοτεχνία
|x Φιλοσοφία
|9 167839
|
| 942 |
|
|
|2 ddc
|c BK15
|
| 952 |
|
|
|0 0
|1 0
|2 ddc
|4 0
|6 801_300000000000000_LEI
|7 0
|9 225111
|a THST
|b THST
|d 2018-07-31
|i 005289
|l 0
|o 801.3 LEI
|p 025000013391
|r 2018-07-31 00:00:00
|t 1
|v 2018.00
|w 2018-07-31
|y BK15
|
| 998 |
|
|
|c ΜΑΝΙΑ
|d 2018-07
|
| 999 |
|
|
|c 135854
|d 135854
|